1360 1224 1054 1977 1170 1067 1430 1081 1229 1297 1578 1204 1485 1445 1650 1909 1289 1726 1266 1465 1385 1668 1160 1237 1433 1570 1092 1402 1097 1295 1228 1759 1337 1862 1186 1039 1861 1386 1457 1410 1157 1900 1755 1828 1149 1600 1326 1896 1842 1266 1084 1599 1012 1966 1608 1359 1356 1016 1561 1963 1966 1087 1921 1956 1741 1792 1528 1771 1375 1010 1112 1750 1629 1580 1609 1901 1105 1868 1972 1789 1045 1538 1971 1115 1044 1330 1496 1626 1845 1315 1748 1029 1204 1879 1720 1888 1248 1340 1734 BCNSPRNW ULIB Ver.6.0+V

เปลี่ยนเป็นภาษาไทย

Change to English
 แสดงรายละเอียดบรรณานุกรม
  กลับหน้าหลัก

Brief Record : Get Marc (ISO 2709) : E-mail record : QR code < ปิดหน้าต่าง
LEADER : 00000nas 2200000uu 4500
001    13399114996
003     ULIB
008    020711s|||| th a 000 0 tha d
022    ^a16865081
110    ^aวิทยาลัยเครือข่ายภาคกลาง2
245    ^aวารสารการพยาบาลและการสาธารณสุข /^cวิทยาลัยเครือข่ายภาคกลาง2
260    ^aเพชรบุรี :^bวิทยาลัยเครือข่ายภาคกลาง2,^cม.ป.ป.
310    ^aราย 6 เดือน
850 ^a ULIB^bฉบับที่ 1 ปีที่ 7 ;ฉบับที่ 2 ปีที่ 7 ;ฉบับที่ 1 ปีที่ 8 ;ฉบับที่ 2 ปีที่ 8 ;ฉบับที่ 1 ปีที่ 9 ;ฉบับที่ 2 ปีที่ 9 ;ฉบับที่ 2 ปีที่ 10 ฉ.1
945    ^p0^l0^i900492
945    ^p0^l0^i900493
945    ^p0^l0^i900494
945    ^p0^l0^i901048
945    ^p0^l0^i901195
945    ^p0^l0^i902125
945    ^p0^l0^i902990
รายการนี้ยังไม่มีแท็ก
คุณยังไม่ได้ล็อกอิน คุณสามารถมีกิจกรรมร่วมกับเว็บไซต์ได้ แต่ต้องล็อกอินก่อน ::
  ล็อกอิน

รายการสื่อสารสนเทศ (วารสาร)

ดูแบบ: กล่อง รายการ
ARRIVED
ฉบับที่ 1 ปีที่ 7
สถานที่: ห้องสมุดวิทยาเขตสวรรค์ประชารักษ์ >หนังสือทั่วไป
ARRIVED
ฉบับที่ 2 ปีที่ 7
สถานที่: ห้องสมุดวิทยาเขตสวรรค์ประชารักษ์ >วารสาร
ARRIVED
ฉบับที่ 2 ปีที่ 8
สถานที่: ห้องสมุดวิทยาเขตสวรรค์ประชารักษ์ >วารสาร
ARRIVED
ฉบับที่ 1 ปีที่ 8
สถานที่: ห้องสมุดวิทยาเขตสวรรค์ประชารักษ์ >หนังสือทั่วไป
ARRIVED
ฉบับที่ 1 ปีที่ 9
สถานที่: ห้องสมุดวิทยาเขตสวรรค์ประชารักษ์ >วารสาร
ARRIVED
ฉบับที่ 2 ปีที่ 9
สถานที่: ห้องสมุดวิทยาเขตสวรรค์ประชารักษ์ >วารสาร
ARRIVED
ฉบับที่ 2 ปีที่ 10 ฉ.1
สถานที่: ห้องสมุดวิทยาเขตสวรรค์ประชารักษ์ >หนังสือพิมพ์
รายการใกล้เคียง
    ผู้แต่ง []

BibComment


ยังไม่เคยถูกคอมเมนท์

คอมเมนท์ทรัพยากรรายการนี้
  คอมเมนท์: วารสารการพยาบาลแ..


 Copyright 2026. Bcnsprnw @Library